| 000 | 00500pab a2200181 454500 | ||
|---|---|---|---|
| 008 | 180718b2001 xxu||||| |||| 00| 0 eng d | ||
| 100 | _aSodani, P.R. | ||
| 245 | _aHousehold health care expenditure in tribal areas of Rajasthan | ||
| 260 | _c2001 | ||
| 300 | _ap.96-106 | ||
| 362 | _aApr | ||
| 650 | _aHouseholds - India - Rajasthan | ||
| 650 | _aHealth services - India - Rajasthan | ||
| 650 | _aHealth services | ||
| 700 | _aGupta, S.D. | ||
| 773 | _aAsian Economic Review | ||
| 909 | _a48545 | ||
| 999 |
_c48545 _d48545 |
||